000
00279nam a2200109Ia 4500
008
190216s9999||||xx |||||||||||||| ||und||
100
_a
Sharma & Khanna
245
0
_a
Kumars General Knowledge At A Glance
260
_b
Kumar Publications
650
_a
References
942
_c
REF
999
_c
35632
_d
35632